000 00344nam a22001337a 4500
008 250710b |||||||| |||| 00| 0 eng d
020 _aNIL
050 _aHF1017
_b.G55
100 _aGILBERTH, H. Glean
245 _aStatistic For Business and Economics
260 _aTexas
_bBusiness Publication Inc.
_c1983
300 _axiv, 629p.
942 _cBK
999 _c4251
_d4251